[Event "112th YMCA Autumn B"]
[Site "Warszawa"]
[Date "2012.09.19"]
[Round "1"]
[White "Koziol, Pawel"]
[Black "Jarmuzynska, Kamila"]
[Result "1-0"]
[WhiteElo "1829"]
[BlackElo "1723"]
[PlyCount "111"]
[EventDate "2012.09.18"]
[EventType "tourn"]
[EventRounds "1"]
[EventCountry "POL"]
[SourceDate "2012.09.18"]

1. Nf3 d5 2. g3 c5 3. Bg2 Nc6 4. O-O e5 5. d3 Nf6 6. Nbd2 Be7 7. e4 d4 8. Nc4
Qc7 9. a4 O-O 10. Nh4 Na5 11. Nxa5 Qxa5 12. Nf5 Bxf5 13. exf5 Qc7 14. b3 Rad8
15. Bd2 Rfe8 16. Re1 Nd5 17. Qg4 f6 18. Re4 Bf8 19. Qh3 Nb4 20. Rc1 a6 21. Rh4
h6 22. Rg4 Kh8 23. Rg6 Na2 24. Rb1 Nc3 25. Re1 b5 26. axb5 axb5 27. Qg4 Qf7 28.
Bxc3 dxc3 29. Bc6 Re7 30. Bxb5 Ra7 31. Bc4 Rd5 32. Qe4 Rd4 33. Qxd4 cxd4 34.
Bxf7 Rxf7 35. Ra1 Rb7 36. Rg4 Kg8 37. Re4 Bc5 38. Ree1 Kf7 39. Kg2 g6 40. fxg6+
Kxg6 41. Kf3 Re7 42. Ra6 h5 43. Ke4 Kg5 44. h4+ Kg4 45. Kd5 Ra7 46. Rxa7 Bxa7
47. Ke4 Bb8 48. b4 f5+ 49. Kd5 Kf3 50. Rxe5 Bxe5 51. Kxe5 Ke2 52. b5 Kd2 53. b6
Kxc2 54. b7 Kxd3 55. b8=Q c2 56. Qb2 1-0

[Event "112th YMCA Autumn B"]
[Site "Warszawa"]
[Date "2012.09.19"]
[Round "1"]
[White "Maciejewski, Andrzej"]
[Black "Szukalski, Antoni"]
[Result "1-0"]
[WhiteElo "1780"]
[BlackElo "1836"]
[PlyCount "45"]
[EventDate "2012.09.18"]
[EventType "tourn"]
[EventRounds "1"]
[EventCountry "POL"]
[SourceDate "2012.09.18"]

1. e4 c6 2. d4 d5 3. e5 Bf5 4. g4 Bg6 5. h4 h6 6. h5 Bh7 7. e6 fxe6 8. Bd3 Bxd3
9. Qxd3 Qc7 10. Qg6+ Kd8 11. Nf3 Nd7 12. g5 Kc8 13. Qf7 b5 14. Bf4 Qa5+ 15.
Nbd2 hxg5 16. Nxg5 Ngf6 17. Qxe6 Kb7 18. O-O-O Rc8 19. Nf7 Rh7 20. Nb3 Qb6 21.
Ne5 Qd8 22. Nxd7 Nxd7 23. Qxd7+ 1-0

[Event "112th YMCA Autumn B"]
[Site "Warszawa"]
[Date "2012.09.19"]
[Round "1"]
[White "Debowska, Teresa"]
[Black "Herman, Monika"]
[Result "0-1"]
[WhiteElo "1837"]
[BlackElo "1712"]
[PlyCount "74"]
[EventDate "2012.09.18"]
[EventType "tourn"]
[EventRounds "1"]
[EventCountry "POL"]
[SourceDate "2012.09.18"]

1. e4 e5 2. Nc3 Nf6 3. g3 Bc5 4. Bg2 Nc6 5. Nge2 d6 6. O-O O-O 7. Na4 Bb6 8.
Nxb6 axb6 9. c3 Be6 10. d4 exd4 11. cxd4 Rxa2 12. Rxa2 Bxa2 13. d5 Na5 14. b4
Bb3 15. Qd3 Bc4 16. Qe3 Nb3 17. Bb2 b5 18. Re1 Re8 19. Qc3 c5 20. Nf4 b6 21. f3
Nd4 22. Kf2 Re7 23. Ra1 g5 24. Nh3 Nxd5 25. exd5 Re2+ 26. Kf1 Rc2+ 27. Qxc4
Rxc4 28. Re1 Rxb4 29. Bc1 h6 30. Nf2 Rb1 31. Ng4 Nc2 32. Rd1 h5 33. Nf2 Qe7 34.
Bh3 b4 35. Bf5 b3 36. Kg2 Rxc1 37. Rxc1 Ne3+ 0-1

[Event "112th YMCA Autumn B"]
[Site "Warszawa"]
[Date "2012.10.02"]
[Round "1"]
[White "Pajak, Jakub"]
[Black "Sawicki, Wojciech"]
[Result "0-1"]
[WhiteElo "1762"]
[BlackElo "1745"]
[PlyCount "60"]
[EventDate "2012.09.18"]
[EventType "tourn"]
[EventRounds "1"]
[EventCountry "POL"]
[SourceDate "2012.09.18"]

1. e4 e5 2. Nf3 Nc6 3. Bc4 Bc5 4. O-O Nf6 5. d3 O-O 6. Be3 Bxe3 7. fxe3 d5 8.
exd5 Nxd5 9. Qd2 Be6 10. Nc3 a6 11. Nxd5 Bxd5 12. Bxd5 Qxd5 13. e4 Qc5+ 14. Qf2
Qb5 15. Rfb1 f6 16. a4 Qb4 17. Qd2 Qxd2 18. Nxd2 Nd4 19. c3 Nc2 20. Ra2 Rad8
21. Rc1 Ne3 22. d4 exd4 23. cxd4 Rxd4 24. Nf3 Rc4 25. Rxc4 Nxc4 26. b3 Ne5 27.
Rc2 Nc6 28. Rc4 Rd8 29. b4 Rd1+ 30. Kf2 Rb1 0-1

[Event "112th YMCA Autumn B"]
[Site "Warszawa"]
[Date "2012.09.20"]
[Round "1"]
[White "Kurowski, Andrzej"]
[Black "Lasota, Adam"]
[Result "0-1"]
[WhiteElo "1782"]
[BlackElo "1873"]
[PlyCount "112"]
[EventDate "2012.09.18"]
[EventType "tourn"]
[EventRounds "1"]
[EventCountry "POL"]
[SourceDate "2012.09.18"]

1. d4 Nf6 2. c4 g6 3. Nc3 d5 4. Nf3 Bg7 5. cxd5 Nxd5 6. e4 Nxc3 7. bxc3 c5 8.
Rb1 O-O 9. Be2 b6 10. O-O Qc7 11. Be3 Bb7 12. Qd3 Ba6 13. Qd2 Bxe2 14. Qxe2 Nd7
15. e5 e6 16. Nd2 f6 17. exf6 Bxf6 18. Qg4 Rae8 19. Bh6 Bg7 20. Bxg7 Kxg7 21.
Rfe1 Qf4 22. Qxf4 Rxf4 23. g3 Rf5 24. f4 h6 25. Nc4 Rd5 26. Ne3 Rd6 27. f5 cxd4
28. Rbd1 e5 29. Nc2 Rc8 30. Na3 d3 31. Re3 d2 32. Re2 Rxc3 33. Rexd2 Rxd2 34.
Rxd2 Rxa3 35. Rxd7+ Kf8 36. fxg6 Rxa2 37. Rh7 b5 38. Rxh6 b4 39. Rh8+ Kg7 40.
Rb8 a5 41. h4 Kxg6 42. g4 e4 43. Rb6+ Kf7 44. h5 Ra3 45. Kg2 Rf3 46. Rb5 Rf4
47. g5 e3 48. Rxa5 b3 49. Ra7+ Ke6 50. Ra1 b2 51. Rb1 Rf2+ 52. Kg3 Kf5 53. g6
Kf6 54. Re1 Kg7 55. Rh1 Kh6 56. Rb1 Rc2 0-1

[Event "112th YMCA Autumn B"]
[Site "Warszawa"]
[Date "2012.09.28"]
[Round "2"]
[White "Sawicki, Wojciech"]
[Black "Kurowski, Andrzej"]
[Result "1-0"]
[WhiteElo "1745"]
[BlackElo "1782"]
[Annotator "Admin"]
[PlyCount "85"]
[EventDate "2012.09.18"]
[EventType "tourn"]
[EventRounds "1"]
[EventCountry "POL"]
[SourceDate "2012.09.18"]

1. e4 e6 2. d4 d5 3. Nc3 Nf6 4. e5 Nfd7 5. f4 c5 6. Nf3 Nc6 7. Be3 a6 8. Qd2 b5
9. a3 Bb7 10. Ne2 Qb6 11. dxc5 Bxc5 12. Ned4 f6 13. b4 Nxd4 14. Nxd4 Bxd4 15.
Bxd4 Qc7 16. exf6 Nxf6 17. Bd3 O-O 18. O-O Ne4 19. Qe3 Rac8 20. Rae1 Rf7 21.
Qf3 Rcf8 22. Qg4 Rxf4 23. Qxe6+ Qf7 $11 24. Qe5 Rxf1+ 25. Rxf1 Nf6 26. Qg5 Qe6
27. Rxf6 Rxf6 28. Bxf6 Qxf6 29. Qxf6 gxf6 30. Kf2 d4 31. g3 Bc8 32. Kf3 Bb7+
33. Be4 Bc8 34. Bd5+ Kg7 35. Ke4 Kg6 36. Kxd4 Kg5 37. Bf3 Kf5 38. c4 bxc4 39.
Kxc4 Ke5 40. Kc5 f5 41. Kb6 f4 42. gxf4+ Kxf4 43. Bb7 1-0

[Event "112th YMCA Autumn B"]
[Site "Warszawa"]
[Date "2012.09.26"]
[Round "2"]
[White "Herman, Monika"]
[Black "Pajak, Jakub"]
[Result "0-1"]
[WhiteElo "1712"]
[BlackElo "1762"]
[PlyCount "96"]
[EventDate "2012.09.18"]
[EventType "tourn"]
[EventRounds "1"]
[EventCountry "POL"]
[SourceDate "2012.09.18"]

1. e4 c5 2. Nf3 Nc6 3. d4 cxd4 4. Nxd4 g6 5. c4 Bg7 6. Be3 Nf6 7. Nc3 Ng4 8.
Qxg4 Nxd4 9. Qd1 Nc6 10. Rc1 d6 11. Qd2 Bd7 12. Be2 b6 13. O-O Ne5 14. f3 h5
15. Bd4 f6 16. f4 Nf7 17. f5 g5 18. Qd1 g4 19. Nd5 Ng5 20. Bd3 Bc6 21. Qe2 Qd7
22. b3 Bxd5 23. cxd5 Kf7 24. Bb5 Qd8 25. Rc6 Rc8 26. Rfc1 Rb8 27. Ba6 Bh6 28.
Be3 Qg8 29. Bxg5 Qxg5 30. R1c3 Qf4 31. Rc7 Qe5 32. Qd3 h4 33. g3 h3 34. Rxa7
Ra8 35. Rac7 Rxa6 36. Qxa6 Qxe4 37. Qf1 Be3+ 38. Rxe3 Qxe3+ 39. Qf2 Qe4 40. Qd2
Ra8 41. Rc2 Qxf5 42. a4 Ra5 43. Rc7 Rxd5 44. Qe2 Re5 45. Qc4+ d5 46. Qf1 Qe4
47. b4 Rf5 48. a5 Qe3+ 0-1

[Event "112th YMCA Autumn B"]
[Site "Warszawa"]
[Date "2012.09.26"]
[Round "2"]
[White "Szukalski, Antoni"]
[Black "Debowska, Teresa"]
[Result "1/2-1/2"]
[WhiteElo "1836"]
[BlackElo "1837"]
[PlyCount "132"]
[EventDate "2012.09.18"]
[EventType "tourn"]
[EventRounds "1"]
[EventCountry "POL"]
[SourceDate "2012.09.18"]

1. d4 g6 2. c4 Bg7 3. Nf3 c5 4. e3 d6 5. Nc3 b6 6. g3 Nd7 7. Bg2 Rb8 8. O-O Bb7
9. Re1 a6 10. a4 Ngf6 11. d5 Ng4 12. Qc2 O-O 13. b3 b5 14. axb5 axb5 15. Bb2
bxc4 16. bxc4 Nb6 17. Nd2 Bc8 18. Reb1 e5 19. h3 Nh6 20. Nd1 Bf5 21. e4 Bd7 22.
Ne3 f5 23. f3 f4 24. gxf4 Rxf4 25. Bc1 Qc7 26. Ng4 Rff8 27. Nf1 Nf7 28. Be3 h5
29. Nf2 Bf6 30. Ra2 Be7 31. Bd2 Ng5 32. Ra3 Ra8 33. Rba1 Rxa3 34. Rxa3 Qc8 35.
Kh2 Qc7 36. Qc1 Nh7 37. Be3 Qb7 38. Nd2 Ra8 39. Rxa8+ Qxa8 40. Qb2 Na4 41. Qa3
Qb7 42. Qb3 Qb4 43. Nd3 Qxb3 44. Nxb3 Bd8 45. Bd2 Kf7 46. Kg3 h4+ 47. Kf2 Ng5
48. f4 exf4 49. Bxf4 Be7 50. e5 Nxh3+ 51. Bxh3 Bxh3 52. exd6 Bd8 53. Nbxc5 Nb6
54. Ne5+ Kg7 55. Ne6+ Bxe6 56. dxe6 Kf6 57. Bg5+ Kxe6 58. Bxd8 Kxe5 59. Bxb6
Kxd6 60. Kf3 Kc6 61. Bd4 g5 62. Kg4 Kd6 63. Bg1 Kc6 64. Kxg5 h3 65. Kf4 h2 66.
Bxh2 Kc5 1/2-1/2

[Event "112th YMCA Autumn B"]
[Site "Warszawa"]
[Date "2012.09.26"]
[Round "2"]
[White "Kowalczyk, Waldemar"]
[Black "Maciejewski, Andrzej"]
[Result "0-1"]
[WhiteElo "1702"]
[BlackElo "1780"]
[PlyCount "96"]
[EventDate "2012.09.18"]
[EventType "tourn"]
[EventRounds "1"]
[EventCountry "POL"]
[SourceDate "2012.09.18"]

1. d4 c5 2. d5 d6 3. c4 e6 4. e4 exd5 5. exd5 g6 6. Nc3 Bg7 7. Nf3 Ne7 8. Be2
O-O 9. O-O Bg4 10. Ng5 Bxe2 11. Qxe2 Nf5 12. Nf3 Nd7 13. Bf4 Nf6 14. Qd2 Qd7
15. h3 a6 16. a4 Rfe8 17. Rae1 h6 18. Rxe8+ Rxe8 19. Re1 g5 20. Bg3 Nxg3 21.
fxg3 Nh5 22. g4 Nf4 23. Kf1 Bxc3 24. Qxc3 Qxa4 25. Rxe8+ Qxe8 26. Qc2 Qe3 27.
h4 Qd3+ 28. Qxd3 Nxd3 29. b3 f6 30. h5 Ne5 31. Nd2 Kf7 32. Ne4 Ke7 33. Nf2 b5
34. cxb5 axb5 35. Ke2 Nd7 36. Ke3 f5 37. gxf5 Nf6 38. g4 Nxd5+ 39. Ke4 Nf6+ 40.
Ke3 d5 41. Kf3 Kd6 42. Ke3 d4+ 43. Kf3 Kd5 44. Ke2 c4 45. b4 Ke5 46. Kf3 Nd5
47. Ne4 c3 48. Nc5 Nxb4 0-1

[Event "112th YMCA Autumn B"]
[Site "Warszawa"]
[Date "2012.10.03"]
[Round "2"]
[White "Jarmuzynska, Kamila"]
[Black "Moskwinski, Marek"]
[Result "1-0"]
[WhiteElo "1723"]
[BlackElo "1809"]
[PlyCount "71"]
[EventDate "2012.09.18"]
[EventType "tourn"]
[EventRounds "1"]
[EventCountry "POL"]
[SourceDate "2012.09.18"]

1. d4 Nf6 2. c4 g6 3. Nc3 Bg7 4. e4 d6 5. f4 O-O 6. Nf3 Nbd7 7. Be2 e5 8. fxe5
dxe5 9. d5 Ng4 10. h3 Nh6 11. g4 f5 12. gxf5 gxf5 13. Bg5 Qe8 14. Rg1 Kh8 15.
Qd2 f4 16. Nb5 Qf7 17. Nxc7 Rb8 18. Ne6 Rg8 19. c5 Nf8 20. Nxg7 Qxg7 21. Bc4
Nf7 22. O-O-O Ng6 23. d6 Bd7 24. h4 Rgc8 25. Qd5 Nxg5 26. Nxg5 Bc6 27. Qe6 Bd7
28. Nf7+ Kg8 29. Qxd7 Rxc5 30. Nh6+ Kh8 31. Qxg7+ Kxg7 32. Nf5+ Kf6 33. b3 b5
34. Rd5 Rcc8 35. d7 Rd8 36. Rd6# 1-0

[Event "112th YMCA Autumn B"]
[Site "Warszawa"]
[Date "2012.09.25"]
[Round "2"]
[White "Krzyzanowski, Antoni"]
[Black "Koziol, Pawel"]
[Result "0-1"]
[WhiteElo "1729"]
[BlackElo "1829"]
[PlyCount "80"]
[EventDate "2012.09.18"]
[EventType "tourn"]
[EventRounds "1"]
[EventCountry "POL"]
[SourceDate "2012.09.18"]

1. d4 d5 2. c4 e6 3. Nc3 Be7 4. Nf3 Nf6 5. Bg5 O-O 6. e3 h6 7. Bh4 c6 8. Qc2
Nbd7 9. h3 Ne4 10. Bxe7 Qxe7 11. Nxe4 dxe4 12. Nd2 f5 13. g4 Qh4 14. Bg2 c5 15.
Ke2 b5 16. Rag1 Ba6 17. f3 cxd4 18. exd4 Nb6 19. fxe4 bxc4 20. Nf3 Qe7 21. gxf5
exf5 22. Ne5 c3+ 23. Ke1 cxb2 24. Qxb2 Qh4+ 25. Kd1 fxe4 26. Ng4 Bd3 27. Bf1
Rxf1+ 28. Rxf1 Bxf1 29. Rxf1 Qxh3 30. Qe2 Rd8 31. Rg1 Rxd4+ 32. Ke1 Qc3+ 33.
Kf1 Qc1+ 34. Kf2 Qf4+ 35. Ke1 Rc4 36. Ne3 Rc1+ 37. Nd1 Qh4+ 38. Kf1 e3 39. Rg2
Nd5 40. Qf3 Qh1+ 0-1

[Event "112th YMCA Autumn B"]
[Site "Warszawa"]
[Date "2012.10.04"]
[Round "3"]
[White "Moskwinski, Marek"]
[Black "Krzyzanowski, Antoni"]
[Result "0-1"]
[WhiteElo "1809"]
[BlackElo "1729"]
[Annotator "Admin"]
[PlyCount "78"]
[EventDate "2012.09.18"]
[EventType "tourn"]
[EventRounds "1"]
[EventCountry "POL"]
[SourceDate "2012.09.18"]

1. e4 Nf6 2. e5 Nd5 3. d4 d6 4. Nf3 g6 5. Bc4 Nb6 6. Bb3 Bg7 7. Ng5 d5 8. f4 f6
9. Nf3 Bg4 10. O-O Nc6 11. c3 Qd7 12. Be3 O-O-O 13. h3 Bf5 14. Nbd2 h6 15. Bc2
g5 16. Bxf5 Qxf5 17. Qb1 Qd7 18. Nb3 Rdg8 19. Nc5 Qe8 20. Qf5+ Kb8 21. Rfe1 Nc4
22. exf6 Bxf6 23. Qxd5 Nxe3 24. Rxe3 gxf4 25. Nd7+ Ka8 26. Nxf6 Rxg2+ 27. Kxg2
Qg6+ 28. Kh1 fxe3 29. Ng4 e6 30. Qc4 Qe4 31. Qe2 Rf8 32. Rf1 h5 33. Qxe3 Qf5
34. Ngh2 Qxh3 35. Qh6 Rg8 36. Ng5 Qe3 37. Rf8+ Rxf8 38. Qxf8+ Nb8 39. Qe7 Qc1+
$138 0-1

[Event "112th YMCA Autumn B"]
[Site "Warszawa"]
[Date "2012.09.27"]
[Round "3"]
[White "Maciejewski, Andrzej"]
[Black "Jarmuzynska, Kamila"]
[Result "0-1"]
[WhiteElo "1780"]
[BlackElo "1723"]
[PlyCount "128"]
[EventDate "2012.09.18"]
[EventType "tourn"]
[EventRounds "1"]
[EventCountry "POL"]
[SourceDate "2012.09.18"]

1. e4 e6 2. d4 d5 3. exd5 exd5 4. Bd3 Bd6 5. Nf3 Nf6 6. O-O O-O 7. Bg5 Be6 8.
c3 h6 9. Bh4 Nbd7 10. Re1 c6 11. Nbd2 Qb6 12. Qc2 c5 13. Rab1 c4 14. Bf5 Bxf5
15. Qxf5 Rae8 16. Ne5 Qc7 17. f4 Re6 18. Qh3 Bxe5 19. fxe5 Nh7 20. Rf1 Rg6 21.
Qf3 Nb6 22. Rbe1 Qd7 23. Qh5 Qg4 24. Qxg4 Rxg4 25. Nf3 Re8 26. Re3 Nf8 27. h3
Rg6 28. Nd2 Rc6 29. Ref3 Rc7 30. Nb1 Na4 31. b3 Nb2 32. Na3 g5 33. Bg3 Ne6 34.
Nb5 Rc6 35. Nd6 Rf8 36. Nxf7 cxb3 37. axb3 Rxf7 38. Rxf7 Rxc3 39. R7f3 Rxf3 40.
Rxf3 Nxd4 41. Rf2 Nd1 42. Rd2 Nc3 43. Rb2 Nde2+ 44. Kh2 d4 45. Be1 Kf7 46. Bxc3
Nxc3 47. Rd2 Nb5 48. Kg3 Ke6 49. Rc2 Nc3 50. Kf3 Kxe5 51. Rc1 a5 52. Re1+ Kd5
53. Re8 b5 54. Rd8+ Kc5 55. Kf2 a4 56. bxa4 bxa4 57. Ra8 Kb4 58. Ke1 a3 59. Kd2
a2 60. Kd3 Na4 61. Rb8+ Ka3 62. Kc2 a1=Q 63. Rb3+ Ka2 64. Rb4 Qc3+ 0-1

[Event "112th YMCA Autumn B"]
[Site "Warszawa"]
[Date "2012.10.03"]
[Round "3"]
[White "Debowska, Teresa"]
[Black "Kowalczyk, Waldemar"]
[Result "1-0"]
[WhiteElo "1837"]
[BlackElo "1702"]
[PlyCount "80"]
[EventDate "2012.09.18"]
[EventType "tourn"]
[EventRounds "1"]
[EventCountry "POL"]
[SourceDate "2012.09.18"]

1. e4 e6 2. d3 d5 3. Nd2 Nf6 4. g3 dxe4 5. dxe4 Be7 6. Bg2 O-O 7. Ngf3 c6 8.
O-O Nbd7 9. Qe2 e5 10. Nc4 Qc7 11. Nh4 b5 12. Ne3 Re8 13. Nef5 Bf8 14. g4 Kh8
15. g5 Ng8 16. Rd1 Nb6 17. Ng3 g6 18. Bf3 Be6 19. b3 Rad8 20. Be3 Rxd1+ 21.
Rxd1 Rd8 22. Rxd8 Qxd8 23. Ng2 Qd7 24. h4 Nc8 25. h5 Bd6 26. Nh4 Nge7 27. Nf1
a5 28. Nh2 gxh5 29. Bxh5 Ng6 30. Nxg6+ fxg6 31. Bf3 a4 32. Ng4 axb3 33. axb3
Bxg4 34. Bxg4 Qe8 35. Qd2 Be7 36. Bd7 Qf8 37. Bxc6 b4 38. Qd5 Bd6 39. Qe6 Bb8
40. Bd7 Na7 1-0

[Event "112th YMCA Autumn B"]
[Site "Warszawa"]
[Date "2012.10.03"]
[Round "3"]
[White "Pajak, Jakub"]
[Black "Szukalski, Antoni"]
[Result "0-1"]
[WhiteElo "1762"]
[BlackElo "1836"]
[PlyCount "82"]
[EventDate "2012.09.18"]
[EventType "tourn"]
[EventRounds "1"]
[EventCountry "POL"]
[SourceDate "2012.09.18"]

1. c4 Nf6 2. Nc3 e6 3. Nf3 d5 4. e3 c6 5. d4 Be7 6. b3 O-O 7. Bd3 Re8 8. O-O
Nbd7 9. Bb2 Bf8 10. Qc2 g6 11. h3 Bg7 12. cxd5 exd5 13. Rfe1 Nb6 14. a4 a5 15.
Ba3 Bf8 16. Reb1 Bxa3 17. Rxa3 Qe7 18. Ra2 Be6 19. Rab2 Nc8 20. b4 axb4 21.
Rxb4 Nd6 22. Ne2 Kg7 23. Nd2 Bc8 24. Qa2 Nfe4 25. Nxe4 Nxe4 26. a5 Nxf2 27. Nf4
Nxd3 28. Nxd3 Qxe3+ 29. Nf2 Qc3 30. Kh2 Qe3 31. R1b3 Qf4+ 32. Rg3 Re3 33. Nh1
h5 34. Qd2 Re4 35. Qxf4 Rxf4 36. Ra3 Ra7 37. Ng3 Bf5 38. Rab3 Rxa5 39. Rxb7 h4
40. Nxf5+ Rxf5 41. Rc3 Rf1 0-1

[Event "112th YMCA Autumn B"]
[Site "Warszawa"]
[Date "2012.10.11"]
[Round "3"]
[White "Kurowski, Andrzej"]
[Black "Herman, Monika"]
[Result "0-1"]
[WhiteElo "1782"]
[BlackElo "1712"]
[PlyCount "133"]
[EventDate "2012.09.18"]
[EventType "tourn"]
[EventRounds "1"]
[EventCountry "POL"]
[SourceDate "2012.09.18"]

1. d4 Nf6 2. c4 e6 3. Nf3 Bb4+ 4. Nc3 O-O 5. e3 c5 6. Bd3 Nc6 7. d5 exd5 8.
cxd5 Na5 9. O-O Bxc3 10. bxc3 c4 11. Bc2 Re8 12. Qd4 d6 13. Ba3 b5 14. Rab1 a6
15. Qh4 h6 16. e4 Nb7 17. Rbe1 Qa5 18. Bb4 Qb6 19. Bxd6 Nxd6 20. e5 Nxd5 21.
exd6 Be6 22. Qe4 Nf6 23. Qd4 Qxd4 24. Nxd4 Rad8 25. a4 Rxd6 26. axb5 Rxd4 27.
cxd4 axb5 28. Rb1 Rb8 29. Rfc1 b4 30. Bd1 b3 31. Be2 Rb4 32. f3 Nd7 33. Kf2 Nb6
34. g4 Na4 35. Ke3 c3 36. Bd3 b2 37. Re1 Ba2 38. Re2 Bxb1 39. Bxb1 Rb3 40. Kd3
Kf8 41. Kc2 Ra3 42. Re5 f6 43. Rb5 Ke7 44. Rb7+ Ke6 45. Rb5 Kd6 46. Ra5 Ra1 47.
Rb5 Kc6 48. Rb3 Kd5 49. Rb4 g6 50. h4 h5 51. gxh5 gxh5 52. Rb5+ Kxd4 53. Rxh5
Nc5 54. Rh8 Nb3 55. Rd8+ Ke5 56. Rd3 Rxb1 57. Rxc3 Rc1+ 58. Kxb2 Rxc3 59. Kxc3
Nc5 60. h5 Ne6 61. Kc4 Kf5 62. h6 Ng5 63. Kd5 Kf4 64. h7 Nxh7 65. Ke6 Kxf3 66.
Kf5 Ke3 67. Kg6 0-1

[Event "112th YMCA Autumn B"]
[Site "Warszawa"]
[Date "2012.10.08"]
[Round "3"]
[White "Lasota, Adam"]
[Black "Sawicki, Wojciech"]
[Result "0-1"]
[WhiteElo "1873"]
[BlackElo "1745"]
[PlyCount "104"]
[EventDate "2012.09.18"]
[EventType "tourn"]
[EventRounds "1"]
[EventCountry "POL"]
[SourceDate "2012.09.18"]

1. d4 Nf6 2. Bf4 e6 3. e3 c5 4. c3 Nc6 5. Nd2 d5 6. Bd3 Bd6 7. Bxd6 Qxd6 8. f4
O-O 9. Ngf3 cxd4 10. cxd4 Nb4 11. Be2 Ng4 12. Nf1 f6 13. h3 Nh6 14. Ng3 Bd7 15.
a3 Nc6 16. O-O Nf7 17. Rc1 e5 18. dxe5 fxe5 19. fxe5 Nfxe5 20. Ne4 Nxf3+ 21.
Bxf3 Qe5 22. Nf2 Be6 23. Qd2 d4 24. Rce1 Qg5 25. Bxc6 bxc6 26. Qxd4 Rad8 27.
Qc3 Qh4 28. e4 Qf4 29. Qxc6 Qe5 30. Qc3 Qxc3 31. bxc3 Bc4 32. Rd1 Bxf1 33. Rxd8
Rxd8 34. Kxf1 Rc8 35. Nd1 Rc4 36. Ke2 Rxe4+ 37. Kd3 Ra4 38. Ne3 Rxa3 39. Kd4
Kf7 40. c4 Ke6 41. g4 g6 42. h4 Ra2 43. h5 gxh5 44. gxh5 Rh2 45. Nd5 a5 46. Kc3
Rf2 47. Kb3 Kd6 48. Ka4 Kc5 49. Ne3 Ra2+ 50. Kb3 Rh2 51. Ka4 Rxh5 52. Kxa5 Kd4+
0-1

[Event "112th YMCA Autumn B"]
[Site "Warszawa"]
[Date "2012.10.10"]
[Round "4"]
[White "Herman, Monika"]
[Black "Lasota, Adam"]
[Result "0-1"]
[WhiteElo "1712"]
[BlackElo "1873"]
[PlyCount "108"]
[EventDate "2012.09.18"]
[EventType "tourn"]
[EventRounds "1"]
[EventCountry "POL"]
[SourceDate "2012.09.18"]

1. e4 c5 2. Nf3 e6 3. d4 cxd4 4. Nxd4 Nc6 5. Nb5 d6 6. Bf4 e5 7. Be3 a6 8. N5a3
Nf6 9. Nc3 Be7 10. Nd5 Nxd5 11. exd5 Nb8 12. Nc4 Nd7 13. Bd3 b5 14. Nd2 Nb6 15.
c4 bxc4 16. Nxc4 Nxd5 17. Qf3 Be6 18. Nb6 Nxb6 19. Bxb6 Qc8 20. O-O Rb8 21.
Rfc1 Qb7 22. Qxb7 Rxb7 23. Rc6 Bd7 24. Be4 Rb8 25. Bc7 Rxb2 26. Rxa6 O-O 27.
Bxd6 Bxd6 28. Rxd6 Ba4 29. g3 g6 30. Ra6 Rb4 31. Bd5 Rd8 32. Ra8 Rxa8 33. Bxa8
e4 34. Bd5 Rd4 35. Bb3 Kg7 36. Bxa4 Rxa4 37. Kf1 Kf6 38. a3 Ke5 39. Ke2 f5 40.
h4 f4 41. g4 h5 42. gxh5 gxh5 43. Kd2 Kf5 44. Kc3 Kg4 45. Kb3 Ra8 46. a4 Kxh4
47. Re1 Re8 48. Rg1 e3 49. fxe3 f3 50. Kc2 f2 51. Rf1 Kg3 52. Kd2 Kg2 53. Ke2
Rxe3+ 54. Kxe3 Kxf1 0-1

[Event "112th YMCA Autumn B"]
[Site "Warszawa"]
[Date "2012.10.12"]
[Round "4"]
[White "Szukalski, Antoni"]
[Black "Kurowski, Andrzej"]
[Result "1/2-1/2"]
[WhiteElo "1836"]
[BlackElo "1782"]
[PlyCount "30"]
[EventDate "2012.09.18"]
[EventType "tourn"]
[EventRounds "1"]
[EventCountry "POL"]
[SourceDate "2012.09.18"]

1. e4 e6 2. d4 d5 3. exd5 exd5 4. Nf3 Bd6 5. Bd3 Ne7 6. O-O O-O 7. Re1 Nbc6 8.
c3 Bf5 9. Bg5 Qd7 10. Qc2 Bxd3 11. Qxd3 Qf5 12. Qxf5 Nxf5 13. Nbd2 h6 14. Bh4
Rfe8 15. Bg3 Nxg3 1/2-1/2

[Event "112th YMCA Autumn B"]
[Site "Warszawa"]
[Date "2012.10.10"]
[Round "4"]
[White "Kowalczyk, Waldemar"]
[Black "Pajak, Jakub"]
[Result "1-0"]
[WhiteElo "1702"]
[BlackElo "1762"]
[PlyCount "135"]
[EventDate "2012.09.18"]
[EventType "tourn"]
[EventRounds "1"]
[EventCountry "POL"]
[SourceDate "2012.09.18"]

1. d4 c5 2. d5 d6 3. c4 Nf6 4. Nc3 g6 5. e4 Bg7 6. Nf3 Nbd7 7. h3 O-O 8. Bd3
Ne8 9. O-O Ne5 10. Nxe5 Bxe5 11. Bh6 Ng7 12. Qd2 Bd7 13. Ne2 a6 14. Rab1 b5 15.
b3 b4 16. Bf4 Bf6 17. Bg5 Bxg5 18. Qxg5 a5 19. e5 a4 20. exd6 exd6 21. Qf4 Bf5
22. Bxf5 Nxf5 23. g4 Re8 24. Rfe1 Nh4 25. g5 Nf5 26. Ng3 Nxg3 27. Qxg3 axb3 28.
axb3 Qd7 29. Qf3 Ra3 30. Kg2 Rxe1 31. Rxe1 Qf5 32. Qxf5 gxf5 33. Re3 Kg7 34.
Kf3 Kg6 35. Kf4 Ra2 36. f3 Rd2 37. Re8 Rd4+ 38. Ke3 Kxg5 39. Rd8 Rd1 40. Rxd6
Rb1 41. h4+ Kxh4 42. Kf4 h5 43. Rc6 Rxb3 44. Rxc5 Rd3 45. Rc8 b3 46. Rb8 Kh3
47. Kxf5 Rxf3+ 48. Ke4 Kg3 49. d6 Rf4+ 50. Kd5 Rf5+ 51. Kc6 Rf6 52. c5 h4 53.
Kc7 h3 54. Rxb3+ Kg2 55. Rxh3 Kxh3 56. d7 Rf5 57. c6 Rd5 58. d8=Q Rxd8 59. Kxd8
f5 60. c7 f4 61. c8=Q+ Kg3 62. Qc7 Kg4 63. Qc4 Kg3 64. Qf1 f3 65. Kd7 f2 66.
Kd6 Kh2 67. Qxf2+ Kh1 68. Qc2 1-0

[Event "112th YMCA Autumn B"]
[Site "Warszawa"]
[Date "2012.10.25"]
[Round "4"]
[White "Jarmuzynska, Kamila"]
[Black "Debowska, Teresa"]
[Result "1-0"]
[WhiteElo "1723"]
[BlackElo "1837"]
[PlyCount "81"]
[EventDate "2012.09.18"]
[EventType "tourn"]
[EventRounds "1"]
[EventCountry "POL"]
[SourceDate "2012.09.18"]

1. d4 g6 2. c4 Bg7 3. Nc3 d6 4. e4 Nf6 5. f4 O-O 6. Nf3 c5 7. d5 e5 8. fxe5
dxe5 9. Bg5 h6 10. Bh4 Qa5 11. Qd2 Nh5 12. Nb5 Qxd2+ 13. Kxd2 Na6 14. Rd1 g5
15. Bf2 f5 16. Nd6 fxe4 17. Nxe4 b6 18. Be3 Bd7 19. Be2 Nf4 20. h4 g4 21. Ne1
Nxe2 22. Kxe2 Bf5 23. Nd6 Bh7 24. h5 e4 25. b3 Nb4 26. a3 Nd3 27. Rh4 Ne5 28.
Nb5 Rf7 29. d6 Bf5 30. Nc2 Nd3 31. b4 Rd8 32. bxc5 bxc5 33. Rf1 Ne5 34. Bxc5 a6
35. Nbd4 Bd7 36. Rxf7 Nxf7 37. Bb4 Be5 38. c5 Bg3 39. Rh1 Ne5 40. Ne3 Bc6 41.
Nef5 1-0

[Event "112th YMCA Autumn B"]
[Site "Warszawa"]
[Date "2012.10.10"]
[Round "4"]
[White "Krzyzanowski, Antoni"]
[Black "Maciejewski, Andrzej"]
[Result "1/2-1/2"]
[WhiteElo "1729"]
[BlackElo "1780"]
[Annotator "Admin"]
[PlyCount "112"]
[EventDate "2012.09.18"]
[EventType "tourn"]
[EventRounds "1"]
[EventCountry "POL"]
[SourceDate "2012.09.18"]

1. d4 c5 2. d5 d6 3. e4 e6 4. c4 exd5 5. cxd5 g6 6. Nf3 Bg7 7. Nc3 a6 8. Bg5
Ne7 9. Qd2 O-O 10. Bd3 Bg4 11. O-O Nd7 12. Rae1 b5 13. Nh4 f6 14. Bh6 g5 15.
Bxg7 Kxg7 16. f3 Bh5 17. Nf5+ Nxf5 18. exf5 Bf7 19. f4 h6 20. Bb1 Rh8 21. Ne4
Nb6 22. fxg5 Nc4 23. gxf6+ Kh7 24. Qf4 Bxd5 25. Nxc5 Qxf6 26. Nd7 Qg5 27. f6+
Kg8 28. f7+ Kg7 29. Qd4+ Ne5 30. Qxd5 Nxd7 31. Qxg5+ hxg5 $11 32. Re7 Nf8 33.
Rf5 Rc8 34. Be4 Rc5 35. Rf1 Rh6 36. Ra7 d5 37. Bf3 Rd6 38. Rd1 b4 39. Rd4 a5
40. g4 Nd7 41. a3 b3 42. a4 Kxf7 43. Rb7 Rc1+ 44. Kg2 Rc2+ 45. Kg3 Rxb2 46.
Rxd5 Rd2 47. Rxd6 Rxd6 48. Rxb3 Rd4 $11 49. Rb7 Ke6 50. Ra7 Ne5 51. Ra6+ Rd6
52. Rxa5 Rd3 53. Ra6+ Ke7 54. Ra7+ Ke6 55. Ra6+ Ke7 56. Ra7+ Ke6 $11 1/2-1/2